| 000 | 00524nam a2200217 a 4500 | ||
|---|---|---|---|
| 003 | AR-BaBNM | ||
| 005 | 20251128203200.0 | ||
| 008 | 082120s2002 ||||||||||||||000 | spa|| | ||
| 040 | _cAR-BaBNM | ||
| 100 | 1 | _aDuhart, Saramaría | |
| 245 | 0 | 0 | _aMarylandia |
| 260 |
_aBuenos Aires _bHachette _c1969 |
||
| 300 |
_a55 p. _bil. |
||
| 650 | 4 | _aLIBROS PARA NIÑOS | |
| 650 | 4 | _aLITERATURA INFANTIL | |
| 650 | 4 | _aCUENTOS DE AVENTURAS | |
| 653 | _aPOESIA INFANTIL | ||
| 655 | _aLITERATURA | ||
| 942 | _cBK | ||
| 998 | _cMARTIN | ||
| 999 |
_c2273 _d2273 |
||